• 首页
  • 本馆介绍
  • 公告通知
  • 最新文献
  • 馆藏检索
  • 电子资源
  • 读者导购
  • 参考咨询
  • 我的图书馆
  • 登录
  • 详细信息显示
  • 放入我的书架
  • 预约/预借图书
  • 作者相关作品
  • 分类相关作品
  • 丛书相关作品
  • 出版社相关作品

书目信息

  • 表格格式
  • 工作单格式
  • 卡片格式
题名:
计算机应用基础实训与习题指导
    
 
作者: 唐天国 , 曾庆勇 主编
分册:  
出版信息: 北京   中国水利水电出版社  2018.06
页数: 228页
开本: 26cm
丛书名:
单 册:
中图分类: TP3 , TP317.1 , TP316.86 , TP316.7
科图分类:
主题词: 计算机科学--高等职业教育--教学参考资料 , 软件
电子资源:
ISBN: 978-7-5170-6522-7
000 01055nam0 2200301 450
001 5208
005 20181014152029.26
010    @a978-7-5170-6522-7@dCNY32.00
100    @a20180819d2018 em y0chiy50 ea
101 0  @achi
102    @aCN@b110000
105    @aa z 000yy
200 1  @a计算机应用基础实训与习题指导@9ji suan ji ying yong ji chu shi xun yu xi ti zhi dao@eWindows 7+Office 2010@f唐天国,曾庆勇主编
210    @a北京@c中国水利水电出版社@d2018.06
215    @a228页@c图@d26cm
300    @a全国高职高专“十三五”规划教材
330    @a本书共分三个部分:第一部分为计算机应用基础实训指导,第二部分为计算机应用基础习题指导,第三部分为全国计算机等级考试一级MS Office模拟测试指导。
606 0  @a计算机科学@x高等职业教育@j教学参考资料
606 0  @a软件
610 0  @aWindows 7@aOffice
690    @aTP3@v5
690    @aTP317.1@v5
690    @aTP316.86@v5
690    @aTP316.7@v4
701  0 @a唐天国@9tang tian guo@4主编
701  0 @a曾庆勇@9zeng qing yong@4主编
801  0 @aCN@b91MARC@c20180819
905    @aMuseLib@dTP316.7@e904
    
    计算机应用基础实训与习题指导:Windows 7+Office 2010/唐天国,曾庆勇主编.-北京:中国水利水电出版社,2018.06
    228页:图;26cm
    全国高职高专“十三五”规划教材
    
    ISBN 978-7-5170-6522-7:CNY32.00
    本书共分三个部分:第一部分为计算机应用基础实训指导,第二部分为计算机应用基础习题指导,第三部分为全国计算机等级考试一级MS Office模拟测试指导。
●
相关链接 在E读中查询图书 在五车中查询图书 在当当中查询图书 在豆瓣中查询图书


正题名:计算机应用基础实训与习题指导     索取号:TP316.7/904         预约/预借

序号 登录号 条形码 馆藏地/架位号 状态 备注
1 1128614   211286142   第二样本阅览室/ [索取号:TP316.7/904] 在馆    
2 1128615   211286151   第三借阅区/ [索取号:TP316.7/904] 在馆    
3 1128616   211286160   第三借阅区/ [索取号:TP316.7/904] 在馆    
4 1128617   211286179   第三借阅区/ [索取号:TP316.7/904] 在馆    
5 1128618   211286188   第三借阅区/ [索取号:TP316.7/904] 在馆    
唐山师范学院图书馆 欢迎您!
大连网信软件有限公司© 版权所有